000 01388nam a2200301 a 4500
999 _c448013
_d448013
003 BLK
005 20230628131501.0
008 180409b bul|||||r ||||||| ||bul||
040 _aBLK
041 _aBUL
_cBUL
080 _aДраматични театри. Театри за драма и комедия. Вж и 82-2
_b792.2
_x(497.215)(062)
_z792.2(497.215)(062)
111 _9471247
_aДраматичен театър "Сава Огнянов"
_cРусе
139 _bД 87
245 1 0 _aПокана
_bЧествуванепо случай 50-годишнината и 25 г. творческа дейност на народния артист Васил Попилиев
_h[Малотир. изд.]
257 _aBGR
260 _aРусе
_c1979
300 _a1 л.
_c9x 42 см
380 _a7
500 _aОрганизират Окръжния и градския комитети на БКП-Русе ; Съюзът на артистите в България ; Окръжния и градски съвети за култура - Русе ; Драматичен театър "Сава Огнянов"
651 4 _aРусе
_9179462
653 7 _aтеатър
_9198069
653 7 _aчествания
_9200642
852 _aК 792/Д 87
_bК
856 4 _qpdf
856 4 _qpdf
942 _cKNG
_n0
_s1
_01
944 _aCR
_c2022-03-10
_l2022-03-10
_kК.Д.